[Event "Moscow-ch sf"]
[Site "Moscow"]
[Date "2011.03.22"]
[Round "6"]
[White "Mesropov, Konstantin Eduard"]
[Black "Novikov, Valeri"]
[Result "1-0"]
[WhiteElo "2434"]
[BlackElo "2127"]
[PlyCount "85"]
[EventDate "2011.03.13"]
[EventType "swiss"]
[EventRounds "9"]
[EventCountry "RUS"]
[SourceTitle "CBM 141 Extra"]
[Source "ChessBase"]
[SourceDate "2011.05.03"]
[SourceVersion "1"]
[SourceVersionDate "2011.05.03"]
[SourceQuality "1"]

1. e4 e5 2. Nf3 Nc6 3. d4 exd4 4. Nxd4 Bc5 5. Be3 Nxd4 6. Bxd4 Bxd4 7. Qxd4 Qf6 8. e5 Qb6 9. Qc3 Ne7 10. Na3 Nd5 11. Qb3 Qxb3 12. axb3 a6 13. 0-0-0 Ne7 14. g3 b5 15. Bg2 Rb8 16. Nb1 Rb6 17. Nc3 0-0 18. Rhe1 Rd8 19. Rd2 Kf8 20. Rde2 Bb7 21. Bxb7 Rxb7 22. Ne4 Rb6 23. f4 a5 24. Re3 Nd5 25. Rd3 Nb4 26. Rd4 h6 27. Red1 Ke8 28. c3 Na6 29. g4 Ke7 30. h4 f6 31. exf6+ gxf6 32. Rd5 Re6 33. Ng3 d6 34. Rxb5 Re8 35. Rxa5 Nc5 36. Kc2 Kf8 37. b4 Nd7 38. Rh5 Re3 39. Rd3 Nb6 40. Rxh6 Nc4 41. Rxf6+ Ke7 42. g5 d5 43. Nf5+ 1-0

[Event "Moscow op-B"]
[Site "Moscow"]
[Date "2009.02.01"]
[Round "2"]
[White "Novikov, Valeri"]
[Black "Pankratov, Oleg"]
[Result "1-0"]
[WhiteElo "2169"]
[BlackElo "1400"]
[PlyCount "77"]
[EventDate "2009.01.31"]
[EventType "swiss"]
[EventRounds "9"]
[EventCountry "RUS"]
[SourceTitle "EXT 2012"]
[Source "ChessBase"]
[SourceDate "2011.11.24"]
[SourceVersion "1"]
[SourceVersionDate "2011.11.24"]
[SourceQuality "1"]

1. e4 g6 2. Nf3 Bg7 3. Nc3 d6 4. d4 Nf6 5. Be2 0-0 6. 0-0 Nc6 7. h3 e5 8. dxe5 Nxe5 9. Nxe5 dxe5 10. Bg5 c6 11. Qxd8 Rxd8 12. a4 Be6 13. f4 Rd4 14. f5 gxf5 15. exf5 Bd7 16. Rae1 b6 17. Bd3 Re8 18. Bxf6 Bxf6 19. Ne4 Bd8 20. f6 h6 21. b3 b5 22. Rf3 a6 23. Kh2 Kf8 24. Re2 Bc8 25. g4 Bc7 26. Kg3 bxa4 27. c3 Rd5 28. bxa4 Ra5 29. Bc2 Be6 30. Kh4 Bc4 31. Rg2 Bd5 32. Kh5 Rb8 33. c4 Bxc4 34. g5 hxg5 35. Nxg5 e4 36. Bxe4 Rd8 37. Kh6 Rd4 38. Nh7+ Ke8 39. Bxc6+ 1-0

[Event "Moscow op"]
[Site "Moscow"]
[Date "2008.05.07"]
[Round "7"]
[White "Novikov, Valeri"]
[Black "Kashlinskaya, Alina"]
[Result "1-0"]
[WhiteElo "2118"]
[BlackElo "2222"]
[PlyCount "59"]
[EventDate "2008.04.30"]
[EventType "swiss"]
[EventRounds "9"]
[EventCountry "RUS"]
[SourceTitle "CBM 124 Extra"]
[Source "ChessBase"]
[SourceDate "2008.07.03"]
[SourceVersion "1"]
[SourceVersionDate "2008.07.03"]
[SourceQuality "1"]

1. e4 c5 2. Nf3 Nc6 3. Bc4 e6 4. 0-0 d5 5. exd5 exd5 6. Re1+ Be7 7. Bb5 Bg4 8. d4 Qb6 9. Nc3 0-0-0 10. Bxc6 Qxc6 11. h3 cxd4 12. hxg4 dxc3 13. Ne5 Qb6 14. bxc3 Bc5 15. Qf3 Nf6 16. Qf5+ Kb8 17. Nxf7 Rdf8 18. Nxh8 Ne4 19. Bf4+ Ka8 20. Rxe4 dxe4 21. Nf7 Bxf2+ 22. Kh1 e3 23. Bd6 Qb2 24. Rf1 e2 25. Qxf2 exf1Q+ 26. Qxf1 Rc8 27. Be5 Qxa2 28. Nd6 Rd8 29. Nxb7 Re8 30. Nd6 1-0